An introduction to cytology, genetics evolution (Record no. 26380)

MARC details
000 -LEADER
fixed length control field 00553nam a2200169Ia 4500
008 - FIXED-LENGTH DATA ELEMENTS--GENERAL INFORMATION
fixed length control field 210327s9999||||xx |||||||||||||| ||und||
040 ## - CATALOGING SOURCE
Transcribing agency STCPL
082 ## - DEWEY DECIMAL CLASSIFICATION NUMBER
Classification number 574.87
Item number PER-C
100 ## - MAIN ENTRY--PERSONAL NAME
Personal name Periasamy K
245 #3 - TITLE STATEMENT
Title An introduction to cytology, genetics evolution
250 ## - EDITION STATEMENT
Edition statement 3rd ed.
260 ## - PUBLICATION, DISTRIBUTION, ETC.
Name of publisher, distributor, etc. Emkay Publications
Date of publication, distribution, etc. 1974
300 ## - PHYSICAL DESCRIPTION
Extent VIII, 416P, 22CM
650 ## - SUBJECT ADDED ENTRY--TOPICAL TERM
Topical term or geographic name entry element BiologyCytology (Cell Biology)सवर्गीय यौगिक से ह्वाइटहेड एलफ्रेड नार्थ तक
942 ## - ADDED ENTRY ELEMENTS (KOHA)
Koha item type Books
041 ## - LANGUAGE CODE
Language code of original English
Holdings
Withdrawn status Lost status Damaged status Not for loan Home library Current library Shelving location Date acquired Cost, normal purchase price Total Checkouts Full call number Barcode Date last seen Price effective from Koha item type
        ST. THOMAS COLLEGE LIBRARY, PALAI ST. THOMAS COLLEGE LIBRARY, PALAI   2021-07-10 16.00   574.87 PER-A 38220 2021-07-10 2021-07-10 Books
Rights reserved ©2021 ST. THOMAS COLLEGE LIBRARY
A joint venture of - St. Thomas College Library and
Department of Computer Science, St. Thomas Collge Palai